The midnight train / Matt Haig.
Available copies
- 1 of 3 copies available at LARL/NWRL Consortium.
- 1 of 2 copies available at Lake Agassiz Regional Library. (Show preferred library)
Current holds
1 current hold with 3 total copies.
View other formats and editions
Show Only Available Copies
| Location | Call Number / Copy Notes | Barcode | Shelving Location | Status | Due Date |
|---|---|---|---|---|---|
| Detroit Lakes Public Library | LARGE PRINT HAI (Text) | 33500014417190 | New | Checked out | 07/15/2026 |
| Moorhead Public Library | LARGE PRINT HAI (Text) | 33500014417208 | New | Available | - |
| Grygla LINK Site | lp HAI (Text) | 35500006939134 | New | In transit | - |
Record details
- ISBN: 9798217349142
- Physical Description: 372 pages ; 24 cm
- Edition: First large print edition.
- Publisher: New York, NY : Random House Large Print, [2026]
- Copyright: ©2026
Content descriptions
| General Note: | Series statement from Amazon.com |
| Summary, etc.: | "When your life flashes before your eyes, what ... Read More |
| Original Version Note: | Originally published in English, regular print : ... Read More |
Search for related items by subject
| Genre: | Large print books. Romance fiction. Magic realist fiction. Time-travel fiction. Large print books. Novels. |
Search for related items by series
| LDR | 03826cam a2200889 i 4500 | ||
|---|---|---|---|
| 001 | 490000 | ||
| 003 | LARL_NWRL_CONSORTIUM | ||
| 005 | 20260611104032.0 | ||
| 008 | 251017t20262026nyu ed 000 f eng d | ||
| 007 | tb | ||
| 040 | . | ‡aIG# ‡beng ‡erda ‡cIG# ‡dON8 ‡dAZZPT ‡dBDX ‡dCHILD ‡dYDX ‡dOCLCO ‡dRNL ‡dOCLCO ‡dMTSCT ‡dEB$ ‡dIMT ‡dHHO | |
| 019 | . | ‡a1545067019 ‡a1570687616 | |
| 020 | . | ‡a9798217349142 ‡q(large print ; ‡qpaperback) | |
| 035 | . | ‡a(OCoLC)1547761054 ‡z(OCoLC)1545067019 ‡z(OCoLC)1570687616 | |
| 041 | . | ‡aeng | |
| 082 | 1 | 4. | ‡a823/.92 ‡223 |
| 100 | 1 | . | ‡aHaig, Matt, ‡d1975- ‡eauthor. ‡0(LARL_NWRL_CONSORTIUM)191972 |
| 245 | 1 | 4. | ‡aThe midnight train / ‡cMatt Haig. |
| 250 | . | ‡aFirst large print edition. | |
| 264 | 1. | ‡aNew York, NY : ‡bRandom House Large Print, ‡c[2026] | |
| 264 | 4. | ‡c©2026 | |
| 300 | . | ‡a372 pages ; ‡c24 cm | |
| 334 | . | ‡asingle unit ‡bsi ‡2rdami | |
| 334 | . | ‡asingle unit ‡bmono | |
| 336 | . | ‡atext ‡btxt ‡2rdacontent | |
| 336 | . | ‡astill image ‡bsti ‡2rdacontent | |
| 337 | . | ‡aunmediated ‡bn ‡2rdamedia | |
| 338 | . | ‡avolume ‡bnc ‡2rdacarrier | |
| 340 | . | ‡b24 cm | |
| 340 | . | ‡nlarge print ‡2rdafs | |
| 341 | 0 | . | ‡bLarge type / large print edition ‡2onix |
| 341 | 0 | . | ‡atextual ‡clargePrint ‡2sapdv |
| 380 | . | ‡aFiction ‡2lcsh | |
| 385 | . | ‡mAge group ‡nage ‡aAdults ‡2lcdgt | |
| 385 | . | ‡mAge group ‡nage ‡aOlder people ‡2lcdgt | |
| 385 | . | ‡be ‡aadult ‡2marctarget | |
| 385 | . | ‡bage ‡aAdults ‡2lcdgt | |
| 385 | . | ‡bage ‡aOlder people ‡2lcdgt | |
| 490 | 0 | . | ‡aMidnight world ; ‡v2 |
| 500 | . | ‡aSeries statement from Amazon.com | |
| 520 | . | ‡a"When your life flashes before your eyes, what will matter most? For Wilbur it was his time with Maggie, the love of his life. Their honeymoon in Venice, Before he threw it all away. Years later, on the brink of his own death, a train arrives. It can take Wilbur back in time to relive his most important moments. Soon, he realizes just how much he would have changed....But is it already too late?"-- ‡cBack cover. | |
| 534 | . | ‡pOriginally published in English, regular print : ‡cNew York, NY : Viking, 2026. ‡nby author: ‡aMatt Haig. ‡nunder title: ‡tThe midnight train ‡z9780593833377 | |
| 532 | 1 | . | ‡aItem is large print. |
| 650 | 0. | ‡aMarriage ‡vFiction. ‡0(LARL_NWRL_CONSORTIUM)166003 | |
| 650 | 0. | ‡aOpportunity ‡vFiction. | |
| 650 | 0. | ‡aTime travel ‡vFiction. ‡0(LARL_NWRL_CONSORTIUM)167651 | |
| 650 | 0. | ‡aInterpersonal relations ‡vFiction. ‡0(LARL_NWRL_CONSORTIUM)165331 | |
| 650 | 0. | ‡aLarge type books. ‡0(LARL_NWRL_CONSORTIUM)24284 | |
| 650 | 1. | ‡aLarge type books. ‡0(LARL_NWRL_CONSORTIUM)24284 | |
| 650 | 1. | ‡aMarriage ‡vFiction. ‡0(LARL_NWRL_CONSORTIUM)166003 | |
| 650 | 1. | ‡aSecond chances ‡vFiction. | |
| 650 | 1. | ‡aTime Travel ‡vFiction. ‡0(LARL_NWRL_CONSORTIUM)167651 | |
| 655 | 0. | ‡aLarge print books. | |
| 655 | 7. | ‡aRomance fiction. ‡2lcgft | |
| 655 | 7. | ‡aMagic realist fiction. ‡2lcgft | |
| 655 | 7. | ‡aTime-travel fiction. ‡2lcgft | |
| 655 | 7. | ‡aLarge print books. ‡2lcgft | |
| 655 | 7. | ‡aNovels. ‡2lcgft | |
| 901 | . | ‡a490000 ‡bAUTOGEN ‡c490000 ‡tbiblio | |

Add to basket
Permalink
Disable Highlighting